00326nam a2200133 a 4500008004100000020001500041050001600056100001500072245003800087250001200125260002600137300002000163350000900183120416s0000 ||||||||||||||||| || u a0582322774 aQL 47.2 Cha aChapman, G10aZoology for intermediate students a2nd ed. aLondonbLongmanc1972 ax, 814p. : ill. a0.00